Statistics for Moons of Jupiter

Click here to take the quiz!

General Stats

  • This quiz has been taken 7 times
  • The average score is 17 of 74

Answer Stats

Answer% Correct
Io
100%
Europa
80%
Ganymede
80%
Callisto
40%
Iocaste
40%
Adrastea
20%
Aitne
20%
Amalthea
20%
Ananke
20%
Aoede
20%
Arche
20%
Autonoe
20%
Callirrhoe
20%
Carme
20%
Carpo
20%
Chaldene
20%
Cyllene
20%
Dia
20%
Elara
20%
Erinome
20%
Ersa
20%
Euanthe
20%
Eukelade
20%
Eupheme
20%
Euporie
20%
Eurydome
20%
Harpalyke
20%
Hegemone
20%
Helike
20%
Hermippe
20%
Herse
20%
Himalia
20%
Isonoe
20%
Kale
20%
Kallichore
20%
Kalyke
20%
Kore
20%
Leda
20%
Lysithea
20%
Megaclite
20%
Metis
20%
Mneme
20%
Orthosie
20%
Pandia
20%
Pasiphae
20%
Pasithee
20%
Philophrosyne
20%
Praxidike
20%
S/2003 J10
20%
S/2003 J12
20%
S/2003 J16
20%
S/2003 J18
20%
S/2003 J19
20%
S/2003 J2
20%
S/2003 J23
20%
S/2003 J4
20%
S/2003 J9
20%
S/2011 J1
20%
S/2017 J 1
20%
S/2017 J2
20%
S/2017 J6
20%
S/2017 J7
20%
S/2017 J8
20%
S/2017 J9
20%
Sinope
20%
Sponde
20%
Taygete
20%
Thebe
20%
Thelxinoe
20%
Themisto
20%
Thyone
20%
Valetudo
20%
Jupiter LI
0%
Jupiter LII
0%

Score Distribution

Percentile by Number Answered

Percent of People with Each Score

Your Score History

You have not taken this quiz